| 000 | 00597nam a22002177a 4500 | ||
|---|---|---|---|
| 003 | BUBTL | ||
| 008 | 170530b xxu||||| |||| 00| 0 eng d | ||
| 020 | _a0-900739-02-9 | ||
| 082 | _a677SZO | ||
| 100 |
_91085 _aSzaloki,Zoltan S. |
||
| 245 | _aOpening,Cleaning and Picking (Vol-1) | ||
| 250 | _a2nd | ||
| 260 |
_aManchester _bThe Textile Institute _cc1973 |
||
| 300 |
_a[xviii],228p. _bills. _c21cm. |
||
| 650 | 0 |
_9909 _aTextile Engineering |
|
| 700 |
_91085 _aSzaloki,Zoltan S. |
||
| 760 | _b2nd | ||
| 856 |
_k0 _l0 _yDownload |
||
| 942 |
_2ddc _cBK |
||
| 999 |
_c5477 _d5477 |
||